| 000 | 00923nam a2200241Ia 4500 | ||
|---|---|---|---|
| 999 |
_c36325 _d36325 |
||
| 001 | 2233 | ||
| 003 | GE_BSU | ||
| 005 | 20221021120424.0 | ||
| 008 | 181216s1988ru xx |||||||||||||| ||rus|| | ||
| 040 | _cGE_BSU | ||
| 041 | _arus | ||
| 080 | _a340.6 К-88 | ||
| 100 |
_aКудряцев, И.А. _915431 |
||
| 245 |
_aСудебная Психолого-Психиатрическая Экспертиза / _cИ.А. Кудряцев,[Ред Шубин. Ю.А. художнтк В.И. Бай] |
||
| 264 |
_aМосква : _bЮридическая литература, _c1988. |
||
| 300 | _a233 с.: | ||
| 653 | _aПсихология | ||
| 653 | _aПсихолого-Психиатрическая Эпертиза. | ||
| 653 | _aფსიქოლოგია | ||
| 700 |
_aШубин. Ю.А _eრედაქტორი _915432 |
||
| 700 |
_a Бай, В.И. _eმხატვარი _915433 |
||
| 942 |
_cBK _2udc |
||